000 00720nam a2200253Ia 4500
003 OSt
005 20220928105049.0
006 a|||||r|||| 00| 0
007 ta
008 220927b |||||||| |||| 00| 0 eng d
024 _a25028
037 _cTextual
040 _aSDCL
_cSDCL
_beng
041 _2eng
_aeng
082 _aI223:33C5-424, M8
100 _aOlson J M Ed.
_9413543
245 0 _aGreen photosynthetic bacteria.
260 _aNew York
_b Plenum press
_c1988
300 _a327p
_ccm.
700 _a Amesz J Ed.
_9413544
700 _a Ormerod J G Ed.
_9413545
942 _hI223:33C5-424, M8
_cTEXL
_2CC
999 _c729326
_d729326